000 01364cab a2200421 4500
001 ABS45355
008 090401t1991 xxu||||| |||| 00| 0 eng d
035 _a(Sirsi) u52504
041 _aeng
245 _aGlossary of property terms : rating and taxation
260 _c1991
350 _a0
490 _aEstates Gazette
_v(9141) 19 October 1991, 75-93(2)
520 _aUpdate to the "Glossary of property terms" as a result of the implementation of the new rating system. Includes the definition of several new rating terms and further taxation terms not listed in the original publication.
650 _aAGGRIEVED PERSON
650 _aANTECEDENT DAY
650 _aCHARGEABLE FINANCIAL YEAR
650 _aCONNECTED PERSON
650 _aDEFINITIONS
650 _aGLOSSARIES
650 _aINTERESTED PERSON
650 _aMATERIAL DAY
650 _aMENTIONED MATTERS
650 _aMINERALS
650 _aNON-DOMESTIC HEREDITAMENT
650 _aQUALIFYING CONNECTION
650 _aQUALIFYING INDUSTRIAL HEREDITAMENT
650 _aRETAIL HEREDITAMENT
650 _aSELF-CONTAINED PART
650 _aTRANSITIONAL RELIEF
650 _aTRANSITIONAL YEARS
650 _aUNIFORM BUSINESS RATE
650 _aWASTE DISPOSAL AUTHORITY
690 _aRATING AND VALUATION
690 _aTAXATION
942 _n0
948 _c04/03/1997
999 _c32507
_d32507